History Quiz

Random History or Clickable Quiz
Score 0/30 Timer 10:00
4 Plays Today
% Correct
Fall of the Berlin Wall
82.8%
First man on the moon
79.6%
Gulf War
79.2%
Cuban Missile Crisis
79%
D-Day
77.4%
Pearl Harbor Attack
75.9%
Watergate Scandal
74.2%
Chernobyl Disaster
73.5%
Korean War
70.2%
WWI
69.6%
Rwandan Genocide
67.6%
Titanic sinking
67.1%
Rodney King Riots
66.2%
Tiananmen Square protests
62.4%
Camp David Accords
58.7%
% Correct
Iranian Revolution
58%
First solo flight across the Atlantic
56.3%
Hindenburg disaster
52.8%
Spanish Civil War
50.2%
Boxer Rebellion ends
48.1%
First Nobel Prizes awarded
47.5%
Suez Crisis
46.6%
Russo-Japanese War
42.3%
Gandhi's Salt March
41.8%
Hungarian Revolution
37.5%
October Revolution
35.7%
Irish Civil War
34.6%
Prague Spring
33.1%
Turkey achieves independence
31.6%
Greek Civil War
19.1%
Remove Ads.
Support Sporcle.
Get the best of Sporcle when you Go Orange. This ad-free experience offers more features, more stats, and more fun while also helping to support Sporcle. Thank you for becoming a member.

You're not logged in!

Compare scores with friends on all Sporcle quizzes.
OR
Log In

Show Comments

Extras

Top Quizzes Today


Score Distribution

Your Account Isn't Verified!

In order to create a playlist on Sporcle, you need to verify the email address you used during registration. Go to your Sporcle Settings to finish the process.

Report this User

Report this user for behavior that violates our Community Guidelines.

Details: